Danse avec les Stars - Partenaires de Elsa Bois - Statistiques

Statistiques générales
  • Ce quiz a été pris 543 fois
    196 depuis la dernière actualisation
  • Le résultat moyen est 4 sur 5
Statistiques - réponses
Saisons Professions Célébrités % Correct
Saison 11 Youtubeur Michou
100%
Saison 14 Nageur Florent Manaudou
92%
Saison 15 Chanteur Julien Lieb
90%
Saison 13 Chanteur Black M
71%
Saison 12 Comédien Thomas Da Costa
55%
Aucun quiz correspondant
Distribution des résultats
% des personnes avec chaque résultat
Percentile par nombre de réponses
Votre historique - résultats
Vous n’avez pas pris ce quiz depuis la dernière actualisation